000 00989nam a2200277Ia 4500
003 OSt
005 20221005111346.0
006 a|||||r|||| 00| 0
007 ta
008 221004b |||||||| |||| 00| 0 hin d
020 _a9788181439352 (pbk)
_c100
024 _a97049
037 _b486, 18/03/2009, Vani Prakashan
_cTextual
040 _aCRL
_cCRL
_bhin
041 _2hin
_ahin
082 _aNW44wN17,1, 152P8
100 _aहंगल, ए. के.
245 0 _aमैं एक हरफ़नमौला
246 _aMaian ek haraफ़namaulā
260 _aनई दिल्ली
_bवाणी प्रकाशन भारत
_c2008
300 _a143पृ0
_ccm.
490 _aआत्मकथा
700 _a युगांक धीर, अनु.
942 _hNW44wN17,1, 152P8
_cTEXL
_2cc
999 _c1021593
_d1021593